000 00278nam a2200109Ia 4500
001 1262010
005 20260417140403.0
008 260417s9999 xx 000 0 und d
020 _a9789752895737
245 0 _aBakır Çağı
_cMelih Cevdet Anday
260 _bEverest Yayınları
999 _c1262010
_d1262010